[Event "XI Open"]
[Site "Crema ITA"]
[Date "2009.09.05"]
[Round "3"]
[White "Folcini, Gaddo"]
[Black "Scovazzi, Tullio"]
[Result "1/2-1/2"]
[WhiteElo "1514"]
[BlackElo "1651"]
[PlyCount "122"]
[EventDate "2009.09.04"]

1. e4 e5 2. d4 exd4 3. Bc4 d6 4. Nf3 Be7 5. Nxd4 Nf6 6. O-O O-O 7. Nc3 Nc6 8.
Nf5 Bxf5 9. exf5 Ne5 10. Bb3 Qd7 11. f4 Nc6 12. Nd5 Rfe8 13. Nxf6+ Bxf6 14. c3
Qxf5 15. Bc2 Qe6 16. Qd3 g6 17. Bd2 Qe2 18. f5 Qxd3 19. Bxd3 Bg7 20. fxg6 hxg6
21. Bc4 Ne5 22. Bb3 c6 23. Bf4 d5 24. h4 Nd3 25. Bg5 Re2 26. h5 gxh5 27. Bd1
Re5 28. Bd2 Nxb2 29. Bf4 Rf5 30. Bc2 Rf6 31. Rab1 Nc4 32. Rxb7 a5 33. Rc7 Re8
34. g3 Rfe6 35. Bg5 Re1 36. Rcxf7 Rxf1+ 37. Rxf1 Bxc3 38. Bg6 Re1 39. Bf7+ Kh7
40. Bxh5 d4 41. Rxe1 Bxe1 42. Be2 Ne5 43. Bf4 d3 44. Bd1 Nc4 45. Kf1 Bb4 46.
Bb3 Nb6 47. g4 Kg6 48. a3 Bc3 49. Kf2 c5 50. Ke3 a4 51. Kxd3 Bb2 52. Kc2 Bxa3
53. Ba2 Nd7 54. Be6 Nf6 55. Bf5+ Kf7 56. g5 Nh5 57. Bc1 Bxc1 58. Kxc1 Ng7 59.
Bc2 a3 60. Kb1 Ne6 61. g6+ Kg7 1/2-1/2

[Event "XI Open"]
[Site "Crema ITA"]
[Date "2009.09.05"]
[Round "3"]
[White "Frugoni, Giulio"]
[Black "Adami, Alessandro"]
[Result "1-0"]
[WhiteElo "1762"]
[BlackElo "1473"]
[PlyCount "87"]
[EventDate "2009.09.04"]

1. Nf3 Nf6 2. d4 e6 3. c4 c5 4. d5 exd5 5. cxd5 d6 6. Nc3 g6 7. Bg5 Bg7 8. e4
Nbd7 9. Bb5 O-O 10. O-O h6 11. Bf4 Qe7 12. Re1 a6 13. Qa4 Nh5 14. Be3 Kh7 15.
Be2 Bxc3 16. bxc3 Ndf6 17. Bd3 Bd7 18. Qc2 b5 19. Nd2 c4 20. Be2 Ng4 21. Bxg4
Bxg4 22. e5 dxe5 23. Qe4 f5 24. Qc2 f4 25. Bd4 Bf5 26. Qb2 e4 27. Nxe4 Bxe4 28.
f3 Nf6 29. Bxf6 Qxf6 30. fxe4 f3 31. Rf1 Qb6+ 32. Qf2 Qxf2+ 33. Rxf2 fxg2 34.
Rxf8 Rxf8 35. Kxg2 a5 36. Rb1 Rf4 37. e5 b4 38. cxb4 c3 39. bxa5 Rd4 40. d6
Rd2+ 41. Kf3 Rxa2 42. d7 Ra3 43. Rc1 c2+ 44. Ke2 1-0

[Event "XI Open"]
[Site "Crema ITA"]
[Date "2009.09.05"]
[Round "3"]
[White "Guglielmetti, Oscar"]
[Black "Borboni, Paolo"]
[Result "1-0"]
[WhiteElo "1817"]
[BlackElo "1750"]
[PlyCount "56"]
[EventDate "2009.09.04"]

1. f4 d5 2. Nf3 Bg4 3. e3 e6 4. Be2 Nf6 5. O-O Nbd7 6. b3 c5 7. Bb2 Be7 8. Qe1
O-O 9. Qg3 Rc8 10. d3 b5 11. a4 b4 12. Nbd2 Re8 13. h3 Bxf3 14. Nxf3 h6 15. Ne5
Nxe5 16. fxe5 Nh7 17. Bh5 Rf8 18. Qf2 Kh8 19. Qe2 g6 20. Bg4 h5 21. Bf3 Bh4 22.
e4 d4 23. Bc1 Bg5 24. Bd2 Bxd2 25. Qxd2 Qg5 26. Qxg5 Nxg5 27. h4 Nh7 28. Be2
Kg7 1-0

[Event "XI Open"]
[Site "Crema ITA"]
[Date "2009.09.05"]
[Round "3"]
[White "Lanni, Vincenzo"]
[Black "Distratis, Gianluca"]
[Result "0-1"]
[WhiteElo "1817"]
[BlackElo "1926"]
[PlyCount "108"]
[EventDate "2009.09.04"]

1. d4 Nf6 2. g3 g6 3. Bg2 Bg7 4. Nf3 d5 5. O-O O-O 6. Nbd2 c6 7. c3 Bf5 8. Nh4
Bg4 9. h3 Bd7 10. Qc2 Na6 11. e4 dxe4 12. Nxe4 Nxe4 13. Qxe4 Re8 14. f4 Be6 15.
Qc2 Bd5 16. Be3 Nc7 17. Rae1 Bxg2 18. Qxg2 e6 19. Nf3 Qd5 20. b3 b5 21. g4 a5
22. Qc2 a4 23. c4 axb3 24. axb3 Qd6 25. Rc1 Ra3 26. cxb5 Nxb5 27. Qxc6 Qxc6 28.
Rxc6 Rxb3 29. Rb6 Nxd4 30. Rxb3 Nxb3 31. Rb1 Na5 32. Rb5 Nc6 33. Rb6 Ne7 34.
Rb7 Nd5 35. Kf2 Nxe3 36. Kxe3 h6 37. Ne5 Bxe5 38. fxe5 g5 39. Rd7 Rb8 40. Rd3
Kf8 41. Kd2 Ke7 42. Ke3 Rb5 43. Ke4 f6 44. exf6+ Kxf6 45. Rf3+ Ke7 46. Rd3 e5
47. Kf5 Rc5 48. Ra3 Kd6 49. Ra6+ Kd5 50. Rxh6 e4 51. Re6 Kd4+ 52. Kf6 e3 53.
Rd6+ Ke4 54. Re6+ Kf3 0-1

[Event "XI Open"]
[Site "Crema ITA"]
[Date "2009.09.05"]
[Round "3"]
[White "Leoni, Livio"]
[Black "Bongiorni, Gabriele"]
[Result "1-0"]
[WhiteElo "2017"]
[BlackElo "1792"]
[PlyCount "101"]
[EventDate "2009.09.04"]

1. e4 c5 2. Nf3 d6 3. d4 cxd4 4. Nxd4 Nf6 5. Nc3 g6 6. Be3 Bg7 7. f3 Nc6 8. Bc4
O-O 9. Qd2 Bd7 10. O-O-O Rb8 11. Bb3 b5 12. Nd5 a5 13. a3 a4 14. Ba2 Nxd5 15.
Bxd5 b4 16. Nxc6 Bxc6 17. axb4 Bxd5 18. exd5 Qc7 19. Bd4 Rfc8 20. Bxg7 Kxg7 21.
Qd4+ f6 22. c3 Qb7 23. Kb1 Qa6 24. Ka2 a3 25. b3 Rc7 26. Rhe1 Rbc8 27. Re3 Qa7
28. Qxa7 Rxa7 29. c4 Rb8 30. b5 Kf7 31. Rde1 f5 32. f4 Rbb7 33. Rb1 Ra8 34. g3
h5 35. h3 Rbb8 36. Rg1 Re8 37. Rg2 e5 38. dxe6+ Rxe6 39. Rge2 Rxe3 40. Rxe3 Kf6
41. Re2 Kf7 42. h4 Kf6 43. b4 Ra4 44. Kb3 Ra8 45. c5 d5 46. Ra2 Ke6 47. Rxa3
Rxa3+ 48. Kxa3 d4 49. Kb3 Kd5 50. b6 Ke4 51. b7 1-0

[Event "XI Open"]
[Site "Crema ITA"]
[Date "2009.09.05"]
[Round "3"]
[White "Lorenzotti, Fabrizio"]
[Black "Vuckovic, Dimitrije"]
[Result "1-0"]
[WhiteElo "1733"]
[BlackElo "1513"]
[PlyCount "91"]
[EventDate "2009.09.04"]

1. e4 c5 2. Nf3 d6 3. d4 cxd4 4. Nxd4 Nf6 5. Nc3 g6 6. Be2 Bg7 7. Be3 Nc6 8. f3
O-O 9. Qd2 a6 10. g4 b5 11. Nxc6 Qd7 12. Nb4 Bb7 13. h4 h5 14. g5 Nh7 15. Bd4
e5 16. Be3 Rac8 17. Nbd5 Bxd5 18. Nxd5 Qe6 19. a3 f5 20. Nc3 f4 21. Bf2 Rfd8
22. Rd1 Rc6 23. Nd5 Rdc8 24. Nb4 R6c7 25. Qxd6 Nf8 26. Qxe6+ Nxe6 27. Rd6 Kf7
28. Rxa6 Bf8 29. c3 Nc5 30. Ra5 Nb7 31. Nd3 Nc5 32. Rxb5 Bd6 33. Bxc5 Rxc5 34.
Rxc5 Bxc5 35. Nxe5+ Kg7 36. Bd3 Be3 37. Ke2 Rb8 38. Nc4 Bc5 39. b4 Be7 40. a4
Kf7 41. Ne5+ Kg7 42. Nc6 Bd6 43. Nxb8 Bxb8 44. c4 Kf7 45. c5 Ke7 46. Bb5 1-0

[Event "XI Open"]
[Site "Crema ITA"]
[Date "2009.09.05"]
[Round "3"]
[White "Marchesotti, Giovanni"]
[Black "Vishanji, Franz"]
[Result "1/2-1/2"]
[WhiteElo "1643"]
[BlackElo "1646"]
[PlyCount "77"]
[EventDate "2009.09.04"]

1. b3 e5 2. Bb2 Nc6 3. c4 d5 4. cxd5 Qxd5 5. Nc3 Qd8 6. e3 Bf5 7. e4 Be6 8. Nf3
Bc5 9. Na4 Bd4 10. Nxd4 Nxd4 11. Nc5 b6 12. Nxe6 fxe6 13. Bxd4 exd4 14. Bb5+
Kf8 15. Qg4 Qf6 16. Bd7 Nh6 17. Qxe6 Qxe6 18. Bxe6 Re8 19. Bd5 Nf7 20. d3 Ne5
21. Bc4 c6 22. a4 Rb8 23. Kd2 Ke7 24. h3 Rhf8 25. Rhf1 g5 26. b4 a5 27. b5 Rfc8
28. Rac1 Rc7 29. f4 gxf4 30. Rxf4 Rbc8 31. Rff1 cxb5 32. Bxb5 Rxc1 33. Rxc1
Rxc1 34. Kxc1 Kd6 35. Kc2 Kc5 36. Kb3 Ng6 37. g3 Ne5 38. g4 Kd6 39. Bc4 1/2-1/2

[Event "XI Open"]
[Site "Crema ITA"]
[Date "2009.09.05"]
[Round "3"]
[White "Mussap, Angelo"]
[Black "Scarpellini, Felice"]
[Result "1-0"]
[WhiteElo "2045"]
[BlackElo "1823"]
[PlyCount "115"]
[EventDate "2009.09.04"]

1. e4 d6 2. d4 g6 3. h3 Bg7 4. Nf3 a6 5. Bc4 e6 6. O-O b5 7. Bb3 Bb7 8. d5 e5
9. c4 bxc4 10. Bxc4 Nd7 11. Be3 Ngf6 12. Nbd2 O-O 13. Rc1 Nb6 14. Bb3 Rc8 15.
Qe2 Qd7 16. Rc3 Na8 17. Bc4 c6 18. dxc6 Bxc6 19. Bxa6 Rb8 20. Qd3 Rxb2 21. Bc4
Rb4 22. Rfc1 Bb5 23. Bxb5 Rxb5 24. Rc6 Ra5 25. Rxd6 Qb5 26. Qxb5 Rxb5 27. a4
Rb4 28. Ra6 Nxe4 29. Nxe4 Rxe4 30. Rc5 Re8 31. Ng5 Rb4 32. Ra7 Rb1+ 33. Rc1
Rxc1+ 34. Bxc1 f6 35. Nf7 Nb6 36. a5 Nc4 37. a6 Bf8 38. Rc7 Nb6 39. Rb7 Na8 40.
Be3 f5 41. f3 e4 42. Kf2 exf3 43. Kxf3 Be7 44. Ne5 Bf6 45. Nd7 Bd8 46. Bf4 g5
47. Be5 g4+ 48. hxg4 fxg4+ 49. Kxg4 Be7 50. a7 Kf7 51. Nf6 Rd8 52. Nxh7 Ke6 53.
Rxe7+ Kxe7 54. Bf6+ Kd7 55. Bxd8 Kxd8 56. Kf5 Kc8 57. g4 Nc7 58. Nf6 1-0

[Event "XI Open"]
[Site "Crema ITA"]
[Date "2009.09.05"]
[Round "3"]
[White "Oteri, Aldo"]
[Black "Annoni, Riccardo"]
[Result "0-1"]
[WhiteElo "1830"]
[BlackElo "2087"]
[PlyCount "62"]
[EventDate "2009.09.04"]

1. e4 c5 2. Nf3 e6 3. d4 cxd4 4. Nxd4 Nf6 5. Nc3 Nc6 6. Nxc6 bxc6 7. e5 Nd5 8.
Ne4 Qc7 9. f4 Qb6 10. c3 Be7 11. Bd3 Ba6 12. b3 Ne3 13. Qd2 Nxg2+ 14. Qxg2 Bxd3
15. Qxg7 O-O-O 16. Nd6+ Bxd6 17. exd6 Rhg8 18. Qe5 Rg2 19. Qd4 Qxd4 20. cxd4
Rdg8 21. a4 Re2+ 22. Kd1 Rgg2 23. Ba3 Rd2+ 24. Kc1 h5 25. h4 Rc2+ 26. Kd1 Rgd2+
27. Ke1 Re2+ 28. Kd1 Rcd2+ 29. Kc1 Be4 30. Rg1 Rxd4 31. Bc5 Rc2+ 0-1

[Event "XI Open"]
[Site "Crema ITA"]
[Date "2009.09.05"]
[Round "3"]
[White "Petrone, Gianmario"]
[Black "Cappa, Enrico"]
[Result "1-0"]
[WhiteElo "1752"]
[BlackElo "1529"]
[PlyCount "81"]
[EventDate "2009.09.04"]

1. e4 c5 2. Nf3 d6 3. d4 cxd4 4. Nxd4 Nf6 5. Nc3 a6 6. h3 g6 7. Be3 Bg7 8. Qd2
b5 9. a3 Bb7 10. Bd3 O-O 11. g4 Nc6 12. Rg1 Nxd4 13. Bxd4 e5 14. Be3 Nd7 15.
O-O-O Rc8 16. h4 Nc5 17. h5 Nxd3+ 18. Qxd3 Rc6 19. hxg6 fxg6 20. Qd2 Rf7 21.
Rh1 Bf8 22. Nd5 Rc4 23. Bg5 Qc8 24. Bf6 Rxc2+ 25. Qxc2 Qxc2+ 26. Kxc2 Bxd5 27.
Rxd5 Rxf6 28. Rf1 Rf3 29. Rd3 Rf4 30. f3 h5 31. Rg1 h4 32. Rh1 g5 33. Rc3 Kf7
34. Rc7+ Ke6 35. Rh3 d5 36. Rc6+ Bd6 37. exd5+ Kxd5 38. Rxa6 Rc4+ 39. Kb3 e4
40. fxe4+ Rxe4 41. Rd3+ 1-0

[Event "XI Open"]
[Site "Crema ITA"]
[Date "2009.09.05"]
[Round "3"]
[White "Pinna, Ferdinando"]
[Black "Giannetta, Paolo"]
[Result "1-0"]
[WhiteElo "1818"]
[BlackElo "1931"]
[PlyCount "51"]
[EventDate "2009.09.04"]

1. e4 d5 2. exd5 Qxd5 3. Nc3 Qd8 4. d4 Nf6 5. Nf3 g6 6. Bf4 c6 7. Qd2 Bg7 8.
O-O-O O-O 9. Ne5 Be6 10. Kb1 Nbd7 11. Qe1 Nb6 12. Bg3 a5 13. h4 Nbd5 14. Nxd5
Bxd5 15. f3 b5 16. c4 bxc4 17. Bxc4 Qb6 18. Bh2 Ra7 19. Qc3 Nd7 20. Bxd5 Nxe5
21. dxe5 cxd5 22. Bg1 Qa6 23. Bxa7 Qxa7 24. Rxd5 Rb8 25. Rhd1 Qb6 26. Qd4 1-0

[Event "XI Open"]
[Site "Crema ITA"]
[Date "2009.09.05"]
[Round "3"]
[White "Potenza, Gaetano"]
[Black "Carletti, Davide"]
[Result "1/2-1/2"]
[WhiteElo "1713"]
[BlackElo "1497"]
[PlyCount "169"]
[EventDate "2009.09.04"]

1. e4 e5 2. Nf3 Nc6 3. Bb5 Nf6 4. O-O Bc5 5. Nc3 d6 6. h3 O-O 7. d3 h6 8. Be3
Bb6 9. Ne2 Nh7 10. Ng3 f5 11. exf5 Bxf5 12. Nxf5 Rxf5 13. Bc4+ Kh8 14. Bd5 Rf8
15. Bxb6 axb6 16. a3 Nf6 17. Ba2 Qd7 18. Nh4 Ne7 19. Qe2 Rfe8 20. Rad1 Nf5 21.
Nf3 e4 22. dxe4 Rxe4 23. Qd3 Ne7 24. Rfe1 Rxe1+ 25. Rxe1 Nc6 26. Qg6 Re8 27.
Rxe8+ Qxe8 28. Qxe8+ Nxe8 29. Be6 Nd8 30. Bf5 Kg8 31. Nd4 c6 32. Ne6 Nf7 33.
Nd4 b5 34. Bc8 c5 35. Nxb5 b6 36. Bf5 Kf8 37. Bg4 d5 38. f4 d4 39. c3 dxc3 40.
Nxc3 Nc7 41. Kf2 Ke8 42. Ke3 Ke7 43. g3 g6 44. Kd3 Nd6 45. Na4 c4+ 46. Ke3 b5
47. Nc3 h5 48. Bf3 Nf5+ 49. Kf2 Nd6 50. Nd5+ Nxd5 51. Bxd5 Kf6 52. Kf3 g5 53.
fxg5+ Kxg5 54. Be4 Kf6 55. Kf4 Ne8 56. Ke3 Nc7 57. Kd4 Na6 58. Kd5 b4 59. Kxc4
bxa3 60. bxa3 Ke5 61. Bg6 h4 62. gxh4 Kf6 63. Be4 Kg7 64. h5 Kh6 65. Bf3 Kg5
66. Kd5 Kh6 67. Kc6 Nb8+ 68. Kb5 Kh7 69. a4 Kh6 70. a5 Kh7 71. a6 Nxa6 72. Kxa6
Kh8 73. Kb6 Kg8 74. Kc6 Kh8 75. Kd6 Kg8 76. Ke7 Kh8 77. Kf8 Kh7 78. Kf7 Kh8 79.
Kg6 Kg8 80. h6 Kh8 81. Kh5 Kg8 82. Kg6 Kh8 83. Kf7 Kh7 84. Be4+ Kh8 85. Kf8
1/2-1/2

[Event "XI Open"]
[Site "Crema ITA"]
[Date "2009.09.05"]
[Round "3"]
[White "Quagliarella, Sabino Remo"]
[Black "Paglia, Angelo"]
[Result "1-0"]
[WhiteElo "1917"]
[BlackElo "1615"]
[PlyCount "89"]
[EventDate "2009.09.04"]

1. d4 Nf6 2. Nf3 d6 3. Nc3 g6 4. e4 Bg7 5. Be2 O-O 6. O-O Nbd7 7. Bg5 c6 8. Qd2
b5 9. a3 Bb7 10. Rad1 a6 11. e5 dxe5 12. dxe5 Nd5 13. Ne4 Nxe5 14. Nxe5 Bxe5
15. c4 Nf6 16. Nc5 Qxd2 17. Rxd2 Bc8 18. Bf3 bxc4 19. Bxc6 Rb8 20. Na4 Bb7 21.
Bxb7 Rxb7 22. Bh6 Rfb8 23. Rc2 Bxb2 24. Nxb2 Rxb2 25. Rxc4 Nd5 26. g4 R2b3 27.
Rfc1 f6 28. Rc5 R8b5 29. a4 Rxc5 30. Rxc5 Rd3 31. Bc1 Kf7 32. Kg2 Rd4 33. h3
Nf4+ 34. Bxf4 Rxf4 35. Ra5 Rb4 36. Rxa6 h6 37. a5 g5 38. Ra8 Kg6 39. a6 Ra4 40.
a7 Kg7 41. Kf3 Ra3+ 42. Ke4 Kf7 43. Kd5 e6+ 44. Kc5 Ke7 45. Rh8 1-0

[Event "XI Open"]
[Site "Crema ITA"]
[Date "2009.09.05"]
[Round "3"]
[White "Raffaldi, Fabrizio"]
[Black "Calvi, Luca"]
[Result "1/2-1/2"]
[WhiteElo "1760"]
[BlackElo "1622"]
[PlyCount "82"]
[EventDate "2009.09.04"]

1. e4 c5 2. c3 e6 3. d4 d5 4. e5 cxd4 5. cxd4 Nc6 6. Nf3 Qb6 7. a3 Nge7 8. Bd3
Bd7 9. Bc2 Nf5 10. Bxf5 exf5 11. O-O Be7 12. Nc3 Be6 13. b4 O-O 14. Be3 a6 15.
Qd3 f6 16. Rfd1 fxe5 17. Nxe5 Qc7 18. f4 Rad8 19. Ne2 Rf6 20. Rac1 Qb8 21. Nxc6
bxc6 22. Rxc6 Bd7 23. Rxf6 Bxf6 24. Nc3 Qb7 25. Rc1 Re8 26. Bf2 g6 27. g3 Rc8
28. Qd2 Bb5 29. Nd1 Bc4 30. Nb2 Qb6 31. Na4 Qb5 32. Nc5 a5 33. bxa5 Ra8 34. Re1
Rxa5 35. a4 Rxa4 36. Nxa4 Qxa4 37. Rb1 Qd7 38. Qe3 Kf7 39. Re1 Qe7 40. Qc3 Qb7
41. Qa5 Be7 1/2-1/2

[Event "XI Open"]
[Site "Crema ITA"]
[Date "2009.09.05"]
[Round "3"]
[White "Ranfagni, Stefano"]
[Black "Bonazzi, Edoardo"]
[Result "1-0"]
[WhiteElo "2025"]
[BlackElo "2191"]
[PlyCount "65"]
[EventDate "2009.09.04"]

1. e4 c6 2. c4 d5 3. exd5 cxd5 4. d4 Nf6 5. Nc3 e6 6. Nf3 Be7 7. Bf4 O-O 8. c5
b6 9. b4 Bb7 10. Bd3 Nbd7 11. O-O Ne4 12. Qc2 f5 13. Nb5 bxc5 14. bxc5 Bxc5 15.
dxc5 Ndxc5 16. Nfd4 Qf6 17. f3 Nxd3 18. Qxd3 e5 19. fxe4 fxe4 20. Bxe5 Qxe5 21.
Qe3 Ba6 22. a4 Rac8 23. Rac1 Rxc1 24. Rxc1 Qf6 25. h3 Qb6 26. Rc6 Qa5 27. Rc7
Bxb5 28. Qg3 Rf7 29. Rc8+ Rf8 30. Rxf8+ Kxf8 31. Qd6+ Ke8 32. Nxb5 Qxa4 33.
Nc7+ 1-0

[Event "XI Open"]
[Site "Crema ITA"]
[Date "2009.09.05"]
[Round "3"]
[White "Rotoni, Matteo"]
[Black "Cautiero, Pietro"]
[Result "1-0"]
[WhiteElo "2176"]
[BlackElo "1679"]
[PlyCount "55"]
[EventDate "2009.09.04"]

1. e4 g6 2. d4 Bg7 3. Nc3 d6 4. Be3 e6 5. Nf3 Ne7 6. Qd2 h6 7. Bd3 b6 8. O-O
Bb7 9. Ne2 Nd7 10. Ng3 a6 11. Rfe1 c5 12. c3 Nf6 13. h3 b5 14. dxc5 d5 15. exd5
Nfxd5 16. Bd4 O-O 17. Bxg7 Kxg7 18. a4 bxa4 19. Rxa4 Qc7 20. Rh4 Rh8 21. b4 Nf6
22. Ne5 Rad8 23. Rd4 Nc6 24. Nxc6 Qxc6 25. f3 Qc7 26. Ne4 Bxe4 27. Bxe4 a5 28.
Rd1 1-0

[Event "XI Open"]
[Site "Crema ITA"]
[Date "2009.09.05"]
[Round "3"]
[White "Salami, Marco"]
[Black "Mansueti, Marco"]
[Result "1-0"]
[WhiteElo "2172"]
[BlackElo "1859"]
[PlyCount "49"]
[EventDate "2009.09.04"]

1. Nf3 d5 2. d3 c5 3. g3 Nc6 4. Bg2 e6 5. O-O Nf6 6. Nbd2 Be7 7. Re1 O-O 8. e4
Qc7 9. Qe2 dxe4 10. dxe4 b6 11. e5 Nd7 12. Nf1 Bb7 13. c3 Rad8 14. h4 Rfe8 15.
h5 f6 16. exf6 Bxf6 17. Bf4 e5 18. Qc4+ Kh8 19. Ng5 Bxg5 20. Bxg5 Nf6 21. h6
Rd6 22. Rad1 Rxd1 23. Rxd1 Nd8 24. Qh4 Nd7 25. Bxd8 1-0

[Event "XI Open"]
[Site "Crema ITA"]
[Date "2009.09.05"]
[Round "3"]
[White "Sperli', Maurizio"]
[Black "Mattia, Ermanno"]
[Result "1-0"]
[WhiteElo "1562"]
[BlackElo "1725"]
[PlyCount "46"]
[EventDate "2009.09.04"]

1. c4 c5 2. Nc3 Nf6 3. g3 d5 4. d4 cxd4 5. Qxd4 Nc6 6. Qd1 dxc4 7. Be3 a6 8.
Bg2 e6 9. Bxc6+ bxc6 10. Qa4 Bb7 11. Qxc4 Be7 12. Rd1 Qc8 13. Bc5 Qc7 14. Nf3
Nd5 15. e4 Nb6 16. Qb4 a5 17. Qxb6 Qxb6 18. Bxb6 c5 19. O-O O-O 20. Nd2 Rfc8
21. Na4 Ra6 22. b3 Kf8 23. e5 Bf3 1-0

[Event "XI Open"]
[Site "Crema ITA"]
[Date "2009.09.05"]
[Round "3"]
[White "Tagliaferri, Valerio"]
[Black "Madaschi, Sergio"]
[Result "1/2-1/2"]
[WhiteElo "1860"]
[BlackElo "1576"]
[PlyCount "104"]
[EventDate "2009.09.04"]

1. e4 c5 2. Nf3 e6 3. b3 Nf6 4. e5 Nd5 5. c4 Nc7 6. d4 cxd4 7. Qxd4 Nc6 8. Qg4
Bb4+ 9. Bd2 O-O 10. a3 Bxd2+ 11. Nbxd2 d5 12. exd6 Qxd6 13. Be2 e5 14. Qg5 Ne6
15. Qe3 Ned4 16. O-O Nc2 17. Qc3 Nxa1 18. Rxa1 Bf5 19. c5 Qe7 20. g3 Rad8 21.
b4 Nd4 22. Bf1 Bg4 23. Re1 Nxf3+ 24. Nxf3 Bxf3 25. Qxf3 Qc7 26. h4 Rfe8 27. Qf5
g6 28. Qg4 Rd4 29. Qg5 Qe7 30. Qc1 Kg7 31. Qc3 f6 32. b5 Qd8 33. c6 bxc6 34.
bxc6 Re7 35. Bh3 Rc7 36. Rb1 Rd1+ 37. Rxd1 Qxd1+ 38. Kh2 Qd4 39. Qc2 f5 40. h5
Qd6 41. hxg6 hxg6 42. Bg2 Qxa3 43. g4 fxg4 44. Qe4 Qd6 45. Qxg4 e4+ 46. Kg1
Rxc6 47. Bxe4 a5 48. Bxc6 Qxc6 49. Qd4+ Kh6 50. Qh4+ Kg7 51. Qe7+ Kh6 52. Qh4+
Kg7 1/2-1/2

[Event "XI Open"]
[Site "Crema ITA"]
[Date "2009.09.05"]
[Round "3"]
[White "Vishanji, Adrian"]
[Black "Bonade', Massimo"]
[Result "0-1"]
[WhiteElo "1931"]
[BlackElo "2097"]
[PlyCount "144"]
[EventDate "2009.09.04"]

1. e4 c5 2. Nf3 d6 3. d4 cxd4 4. Nxd4 Nf6 5. Nc3 a6 6. f3 e5 7. Nb3 Be6 8. Bg5
Nbd7 9. Qd2 Be7 10. O-O-O O-O 11. Be2 b5 12. Bxf6 Nxf6 13. Kb1 b4 14. Nd5 Bxd5
15. exd5 a5 16. g4 a4 17. Nc1 Qb6 18. g5 Nh5 19. Nd3 b3 20. cxb3 axb3 21. a3
Nf4 22. h4 Nxd5 23. Nxe5 dxe5 24. Qxd5 Ra5 25. Qe4 Bxa3 26. bxa3 Rxa3 27. Qxe5
b2 28. Qb5 Qa7 29. Qd5 Qa4 30. Bc4 Ra1+ 31. Kxb2 Rb8+ 32. Bb3 Ra2+ 33. Kc3 Qb4+
34. Kd3 Qxb3+ 35. Qxb3 Rxb3+ 36. Ke4 Ra4+ 37. Kd5 Rxf3 38. Rc1 g6 39. Ra1 Rb4
40. Rab1 Rf5+ 41. Kc6 Rc4+ 42. Kd6 Rff4 43. h5 gxh5 44. Rxh5 Rh4 45. Rxh4 Rxh4
46. Ke5 Kg7 47. Rg1 Rh2 48. Kf5 Rf2+ 49. Kg4 Kg6 50. Kh4 Rh2+ 51. Kg3 Rh5 52.
Kf4 Rh4+ 53. Rg4 Rh1 54. Rg2 Rf1+ 55. Kg4 Rf5 56. Kh4 Ra5 57. Rg1 Rf5 58. Rg2
h6 59. gxh6+ Kxh6 60. Rg8 Rf4+ 61. Kg3 Rf6 62. Kg4 Rg6+ 63. Rxg6+ Kxg6 64. Kf4
Kf6 65. Ke4 Kg5 66. Kf3 Kf5 67. Ke3 Kg4 68. Kf2 Kf4 69. Ke2 Kg3 70. Kf1 Kf3 71.
Ke1 f5 72. Kf1 f4 0-1

[Event "XI Open"]
[Site "Crema ITA"]
[Date "2009.09.05"]
[Round "4"]
[White "Acunzo, Domenico"]
[Black "Potenza, Gaetano"]
[Result "1-0"]
[WhiteElo "1833"]
[BlackElo "1713"]
[PlyCount "107"]
[EventDate "2009.09.04"]

1. e4 c5 2. Nf3 e6 3. d4 cxd4 4. Nxd4 a6 5. Be2 Nf6 6. Nc3 b5 7. e5 b4 8. exf6
bxc3 9. fxg7 Bxg7 10. bxc3 Bb7 11. O-O Qh4 12. g3 Qe7 13. Bf3 d5 14. Bf4 Nc6
15. Nxc6 Bxc6 16. Bd2 Qc5 17. Re1 Bxc3 18. Bxc3 Qxc3 19. Bxd5 Ke7 20. Bxc6 Qxc6
21. Qd2 Qc5 22. Re2 h5 23. Rae1 Rag8 24. Re5 Qb6 25. Qa5 Qxa5 26. Rxa5 Rc8 27.
Rc1 Rc6 28. c4 h4 29. g4 Kd6 30. f3 Rhc8 31. Kg2 Kc7 32. c5 Kd7 33. Kh3 Rh8 34.
g5 e5 35. Rd1+ Ke6 36. Rd6+ Rxd6 37. cxd6 Kxd6 38. Rxa6+ Kd5 39. Ra4 Ke6 40.
Rxh4 Ra8 41. a4 Kf5 42. Rg4 Rd8 43. Kg3 Ke6 44. h4 Rh8 45. a5 Kd5 46. Ra4 Rg8
47. Kg4 Ke6 48. a6 f5+ 49. Kg3 Kf7 50. a7 Ra8 51. Ra6 Kg7 52. h5 Kh7 53. Kf2 f4
54. Ke2 1-0

[Event "XI Open"]
[Site "Crema ITA"]
[Date "2009.09.05"]
[Round "4"]
[White "Adami, Alessandro"]
[Black "Lanni, Vincenzo"]
[Result "1/2-1/2"]
[WhiteElo "1473"]
[BlackElo "1817"]
[PlyCount "75"]
[EventDate "2009.09.04"]

1. e4 g6 2. d4 Bg7 3. Nf3 d6 4. Nc3 Nf6 5. Bc4 c6 6. a4 O-O 7. O-O Bg4 8. Bf4
Qb6 9. b3 Nbd7 10. Qd3 Bxf3 11. gxf3 e5 12. dxe5 Nxe5 13. Bxe5 dxe5 14. Qe3 Qc7
15. Rad1 Rad8 16. Rd3 Rxd3 17. Bxd3 Nh5 18. Qxa7 Bh6 19. Ne2 Rd8 20. Qc5 b6 21.
Qa3 Nf4 22. Nxf4 Bxf4 23. Kg2 Rd6 24. Rh1 g5 25. h4 gxh4 26. Rxh4 Rg6+ 27. Rg4
h5 28. Rxg6+ fxg6 29. Qa1 Qe7 30. Qg1 Qg5+ 31. Kf1 Qxg1+ 32. Kxg1 c5 33. Kg2
Kg7 34. Kh3 Kh6 35. Bc4 Kg5 36. Bf7 Bd2 37. Kg3 Be1 38. Be8 1/2-1/2

[Event "XI Open"]
[Site "Crema ITA"]
[Date "2009.09.05"]
[Round "4"]
[White "Annoni, Riccardo"]
[Black "Bonoldi, Fabio"]
[Result "1-0"]
[WhiteElo "2087"]
[BlackElo "1881"]
[PlyCount "89"]
[EventDate "2009.09.04"]

1. d4 b6 2. e4 Bb7 3. Bd3 e6 4. Nf3 d5 5. e5 c5 6. c3 Qd7 7. O-O Ba6 8. Na3
Bxd3 9. Qxd3 c4 10. Qc2 Ne7 11. b4 Na6 12. Nb1 Nc7 13. a4 Ng6 14. g3 Be7 15.
Re1 a5 16. b5 O-O 17. h4 f5 18. exf6 Bxf6 19. h5 Nh8 20. Bf4 Rae8 21. Nbd2 Nf7
22. Re2 Bd8 23. Rae1 Re7 24. Nf1 Ne8 25. Bg5 Nxg5 26. Nxg5 Nf6 27. Nxe6 Rfe8
28. Nxd8 Qxd8 29. Rxe7 Rxe7 30. Rxe7 Qxe7 31. Qf5 Qe1 32. Qc8+ Kf7 33. Qc7+ Ke6
34. Qxg7 Ne4 35. Qe5+ Kf7 36. Qxd5+ Ke8 37. Qe5+ Kd8 38. Qh8+ Kd7 39. Qxh7+ Kd8
40. Qg8+ Kd7 41. Qd5+ Ke8 42. Qe5+ Kd8 43. Qd5+ Ke8 44. Qf5 Nxc3 45. h6 1-0

[Event "XI Open"]
[Site "Crema ITA"]
[Date "2009.09.05"]
[Round "4"]
[White "Barucco, Mattia"]
[Black "Petrone, Gianmario"]
[Result "1-0"]
[WhiteElo "1994"]
[BlackElo "1752"]
[PlyCount "61"]
[EventDate "2009.09.04"]

1. e4 e5 2. Nf3 Nc6 3. Bb5 a6 4. Ba4 Nf6 5. O-O Be7 6. Re1 b5 7. Bb3 d6 8. c3
Na5 9. Bc2 c5 10. h3 O-O 11. d4 Qc7 12. Nbd2 Bb7 13. Nf1 Rfe8 14. Ng3 g6 15. d5
Nc4 16. h4 h5 17. Ng5 Nh7 18. Nxh5 Nxg5 19. hxg5 Qd8 20. Nf6+ Bxf6 21. gxf6
Qxf6 22. b3 Nb6 23. Qg4 Bc8 24. Qg3 Qh8 25. Bd2 Kg7 26. f4 f6 27. f5 g5 28. Kf2
Re7 29. Rh1 Qg8 30. Rh5 Kf8 31. Rah1 1-0

[Event "XI Open"]
[Site "Crema ITA"]
[Date "2009.09.05"]
[Round "4"]
[White "Biava, Pierluigi"]
[Black "Mansueti, Marco"]
[Result "1/2-1/2"]
[WhiteElo "1784"]
[BlackElo "1859"]
[PlyCount "60"]
[EventDate "2009.09.04"]

1. c4 Nf6 2. d4 g6 3. Nc3 Bg7 4. e4 d6 5. f3 Nbd7 6. Be3 O-O 7. Nge2 e5 8. d5
Qe7 9. Qd2 a6 10. g4 h5 11. gxh5 Nxh5 12. Ng3 Nxg3 13. hxg3 f5 14. Qh2 Nf6 15.
Bd3 Kf7 16. O-O-O Bd7 17. Qf2 Rh8 18. b4 a5 19. Rxh8 Bxh8 20. c5 axb4 21. cxd6
cxd6 22. Nb5 Bxb5 23. Bxb5 Qc7+ 24. Kb1 Qa5 25. Bc4 Qd8 26. Bb6 Qe7 27. Bb3 Rc8
28. Ba5 Nd7 29. Bxb4 Nc5 30. Bxc5 Rxc5 1/2-1/2

[Event "XI Open"]
[Site "Crema ITA"]
[Date "2009.09.05"]
[Round "4"]
[White "Bonade', Massimo"]
[Black "Bontempi, Piero"]
[Result "0-1"]
[WhiteElo "2097"]
[BlackElo "2359"]
[PlyCount "116"]
[EventDate "2009.09.04"]

1. d4 d5 2. c4 e5 3. dxe5 d4 4. Nf3 Nc6 5. g3 Nge7 6. Bg2 Ng6 7. O-O Ngxe5 8.
Nbd2 Be7 9. Nxe5 Nxe5 10. Nf3 Nxf3+ 11. Bxf3 O-O 12. Qd3 c5 13. Rd1 Qb6 14. Be4
h6 15. Qf3 a5 16. Qb3 Ra6 17. Bd2 a4 18. Qc2 Bf6 19. Bh7+ Kh8 20. Bd3 Re8 21.
Qc1 Kg8 22. Qc2 Bh3 23. Bh7+ Kh8 24. Be4 a3 25. b3 d3 26. Qxd3 Bxa1 27. Rxa1
Qe6 28. Bxb7 Ra7 29. Bf3 Rd7 30. Qe3 Red8 31. Bd5 Qg6 32. Bc3 Be6 33. Qxc5 Bxd5
34. cxd5 Rxd5 35. Qxa3 Qe4 36. Qc1 Kg8 37. e3 Rc8 38. Qb2 Rdc5 39. Bd4 Rc2 40.
Qa3 Qf3 41. Rf1 Ra8 42. Qd6 Raxa2 43. Qe5 f6 44. Qf4 Qb7 45. Qg4 Kh8 46. Qe6
Qf3 47. e4 Rd2 48. Be3 Qxe3 49. Qc8+ Kh7 50. Qf5+ g6 51. Qxf6 Qa7 52. h4 Qc7
53. e5 Qg7 54. Qf4 h5 55. e6 Re2 56. Rc1 Rxf2 57. Qxf2 Rxf2 58. Kxf2 Qb2+ 0-1